• 首页
  • 本馆介绍
  • 公告通知
  • 最新文献
  • 馆藏检索
  • 电子资源
  • 读者导购
  • 参考咨询
  • 我的图书馆
  • 登录
  • 详细信息显示
  • 放入我的书架
  • 预约/预借图书
  • 作者相关作品
  • 分类相关作品
  • 丛书相关作品
  • 出版社相关作品

书目信息

  • 表格格式
  • 工作单格式
  • 卡片格式
题名:
地理学思想经典解读
    
 
作者: 蔡运龙 编著
分册:  
出版信息: 北京   商务印书馆  2011
页数: 445页
开本: 20cm
丛书名:
单 册:
中图分类: K90-53
科图分类:
主题词: 地理
电子资源:
ISBN: 7-100-07405-3
000 00587nam0 2200193 450
001 2257452436
005 20221011155904.65
010    @a7-100-07405-3@dCNY49.00
100    @a20221011d2011 km y0chiy0120 ea
101 0  @achi
102    @aCN@b110000
200 1  @a地理学思想经典解读@ADi Li Xue Si Xiang Jing Dian Jie Du@f蔡运龙等编著@FCai Yun Long Deng Bian Zhu
210    @a北京@c商务印书馆@d2011
215    @a445页@d20cm
606 0  @a地理
690    @aK90-53@v4
701  0 @a蔡运龙@ACai Yun Long@4编著
801  0 @aCN@b大连网信软件有限公司图书馆·11@c20221011
905    @aZUCC@dK90-53@eZY198
    
    地理学思想经典解读/蔡运龙等编著.-北京:商务印书馆,2011
    445页;20cm
    
    
    ISBN 7-100-07405-3:CNY49.00
    
●
相关链接 在E读中查询图书 在五车中查询图书 在当当中查询图书 在豆瓣中查询图书


正题名:地理学思想经典解读     索取号:K90-53/ZY198         预约/预借

序号 登录号 条形码 馆藏地/架位号 状态 备注
1 7905218   279052187   密集书库-资源管理系/ [索取号:K90-53/ZY198] 在馆    
唐山师范学院图书馆 欢迎您!
大连网信软件有限公司© 版权所有